Toutes les équipes ayant été qualifiées à la Coupe du Monde de la FIFA - Statistiques

Statistiques générales
  • Ce quiz a été pris 119 485 fois
    11 266 depuis la dernière actualisation
  • Le résultat moyen est 62 sur 84
Statistiques - réponses
# Record Équipe % Correct
17 Vainqueur France
100%
19 Vainqueur Argentine
98%
23 Vainqueur Brésil
98%
21 Vainqueur Allemagne / Allemagne de l'Ouest
97%
17 Vainqueur Espagne
97%
18 Vainqueur Italie
97%
7 4ème place Maroc
95%
17 Vainqueur Angleterre
94%
9 3ème place Portugal
94%
11 4ème place Russie / Union Soviétique
94%
5 1/8 de finale Algérie
92%
12 3ème place États-Unis
92%
8 1/8 de finale Japon
92%
15 Vainqueur Uruguay
92%
15 3ème place Belgique
90%
3 Poules Canada
90%
1 Poules Chine
90%
18 1/4 de finale Mexique
90%
13 Finaliste Suède
90%
7 1/8 de finale Australie
88%
7 Finaliste Croatie
88%
4 1/8 de finale Norvège
88%
12 Finaliste Pays-Bas
88%
12 4ème place Corée du Sud
87%
4 Poules Afrique du Sud
86%
13 1/4 de finale Suisse
86%
7 1/4 de finale Colombie
85%
3 1/4 de finale Irlande
85%
4 1/4 de finale Sénégal
85%
9 3ème place Chili
84%
4 Poules Égypte
84%
9 3ème place Pologne
84%
7 Poules Tunisie
84%
3 3ème place Turquie
82%
3 Poules Nouvelle-Zélande
81%
6 1/4 de finale Danemark
80%
3 1/8 de finale Grèce
80%
7 Poules Iran
80%
2 Poules République Démocratique du Congo
80%
13 4ème place Serbie / Yougoslavie
79%
7 1/8 de finale Arabie Saoudite
77%
9 Finaliste Hongrie
77%
9 1/4 de finale Paraguay
77%
2 Poules Qatar
77%
1 1/4 de finale Ukraine
77%
8 3ème place Autriche
76%
5 1/4 de finale Pérou
76%
2 Poules Irak
75%
10 Finaliste République Tchèque / Tchécoslovaquie
75%
9 Finaliste Slovaquie
75%
8 1/4 de finale Cameroun
73%
9 Poules Écosse
72%
5 1/8 de finale Équateur
72%
2 Poules Slovénie
72%
7 1/4 de finale Roumanie
71%
4 Poules Côte d'Ivoire
70%
3 Poules Bolivie
69%
2 1/4 de finale Corée du Nord
69%
1 Poules Islande
69%
2 Poules Bosnie-Herzégovine
68%
6 1/8 de finale Nigeria
68%
7 4ème place Bulgarie
67%
6 1/4 de finale Costa Rica
67%
2 Poules Panama
67%
5 1/4 de finale Ghana
65%
2 1/4 de finale Pays de Galles
64%
1 Poules Israël
62%
3 Poules Honduras
61%
1 1/4 de finale Cuba
59%
2 Poules Haïti
58%
1 Poules Jamaïque
58%
1 1/8 de finale Indes Orientales Néerlandaises (Indonésie)
52%
3 1/4 de finale Irlande du Nord
49%
1 Poules Togo
47%
1 Poules Émirats Arabes Unis
46%
1 ... Jordanie
46%
1 Poules Angola
44%
1 ... Cap-Vert
43%
1 ... Ouzbékistan
41%
2 Poules Salvador
41%
1 ... Curaçao
37%
1 Poules Koweït
35%
1 Poules Allemagne de l'Est
27%
1 Poules Trinité-et-Tobago
25%
Aucun quiz correspondant
Distribution des résultats
% des personnes avec chaque résultat
Percentile par nombre de réponses
Votre historique - résultats
Vous n’avez pas pris ce quiz depuis la dernière actualisation